[Event "Monarch Assurance Isle of Man 4th"]
[Site "Port Erin IOM"]
[Date "1995.10.12"]
[Round "6"]
[White "Stuart, E Leslie"]
[Black "Lalic, Susan"]
[Result "0-1"]
[WhiteElo "2080"]
[BlackElo "2315"]
[PlyCount "94"]
[EventDate "1995.10.07"]
[EventType "swiss"]
[EventRounds "9"]
[EventCountry "IOM"]
[SourceTitle "BritBase"]

1. d4 Nf6 2. c4 e6 3. Nc3 Bb4 4. a3 Bxc3+ 5. bxc3 c5 6. e3 d5 7. cxd5 exd5 8.
Bd3 O-O 9. Ra2 Re8 10. Ne2 b6 11. O-O Ba6 12. Re1 Bxd3 13. Qxd3 Nc6 14. a4 Rc8
15. Qb1 Na5 16. Ng3 Rc6 17. Qb5 Qc8 18. Qf1 cxd4 19. cxd4 Rc4 20. f3 Qd7 21. h3
Rxa4 22. Rf2 Nb3 23. Bb2 Rc8 24. Qd3 Na5 25. e4 Nc4 26. e5 Nxb2 27. Rxb2 Ne8
28. Rbe2 Nc7 29. f4 Ne6 30. Nh5 Kh8 31. f5 Nxd4 32. Rf2 Rac4 33. Qg3 Rg8 34. f6
g6 35. Nf4 Ne6 36. Nxe6 Qxe6 37. Qg5 a5 38. Qh6 g5 39. Rfe2 Rh4 40. Qxh4 gxh4
41. Kh2 h6 42. Rc2 d4 43. Rd2 Qd5 44. e6 fxe6 45. f7 Rf8 46. Rf1 e5 47. Rf6 Kg7
0-1

[Event "Monarch Assurance Isle of Man 4th"]
[Site "Port Erin IOM"]
[Date "1995.10.12"]
[Round "6"]
[White "Welling, Gerard"]
[Black "Baburin, Alexander"]
[Result "1-0"]
[WhiteElo "2415"]
[BlackElo "2495"]
[PlyCount "97"]
[EventDate "1995.10.07"]
[EventType "swiss"]
[EventRounds "9"]
[EventCountry "IOM"]
[SourceTitle "BritBase"]

1. d4 Nf6 2. Nf3 d5 3. e3 g6 4. c4 Bg7 5. Nc3 O-O 6. Be2 dxc4 7. Bxc4 a6 8. a4
c5 9. d5 Ne8 10. e4 Nd6 11. Bd3 c4 12. Bc2 Bg4 13. h3 Bxf3 14. Qxf3 Nd7 15. a5
Nb5 16. O-O Nd4 17. Qd1 Nc5 18. Be3 e5 19. Ne2 Re8 20. Nxd4 exd4 21. Bxd4 Nxe4
22. Bxg7 Kxg7 23. Re1 Nf6 24. Rxe8 Qxe8 25. Qd4 Qb5 26. Be4 Re8 27. Bf3 h5 28.
g3 Qd7 29. Kg2 Qd6 30. Qxc4 g5 31. Kg1 g4 32. hxg4 hxg4 33. Bg2 Qe5 34. Qc3
Qxc3 35. bxc3 Ne4 36. c4 Nc5 37. Rd1 Kf6 38. Rd4 Re1+ 39. Kh2 Ke5 40. Rxg4 Ra1
41. Rf4 b5 42. cxb5 axb5 43. Rxf7 b4 44. f4+ Kd4 45. d6 Rd1 46. Rf5 Kc4 47. a6
Ra1 48. Rxc5+ Kxc5 49. d7 1-0

[Event "Monarch Assurance Isle of Man 4th"]
[Site "Port Erin IOM"]
[Date "1995.10.12"]
[Round "6"]
[White "Wells, Peter K"]
[Black "Khenkin, Igor"]
[Result "1/2-1/2"]
[WhiteElo "2545"]
[BlackElo "2555"]
[PlyCount "38"]
[EventDate "1995.10.07"]
[EventType "swiss"]
[EventRounds "9"]
[EventCountry "IOM"]
[SourceTitle "BritBase"]

1. e4 c6 2. d4 d5 3. e5 c5 4. dxc5 Nc6 5. Bb5 e6 6. Be3 Nge7 7. c3 Bd7 8. Bxc6
Nxc6 9. Nf3 Qc7 10. Bd4 Nxd4 11. cxd4 b6 12. cxb6 Bb4+ 13. Nbd2 Qxb6 14. O-O
O-O 15. Rc1 a5 16. a3 Be7 17. Qb3 Qxb3 18. Nxb3 Bb5 19. Rfe1 a4 1/2-1/2

[Event "Monarch Assurance Isle of Man 4th"]
[Site "Port Erin IOM"]
[Date "1995.10.13"]
[Round "7"]
[White "Anderton, David W"]
[Black "Stuart, E Leslie"]
[Result "1-0"]
[WhiteElo "2215"]
[BlackElo "2080"]
[PlyCount "51"]
[EventDate "1995.10.07"]
[EventType "swiss"]
[EventRounds "9"]
[EventCountry "IOM"]
[SourceTitle "BritBase"]

1. d4 d5 2. c4 e6 3. Nc3 Nf6 4. Bg5 c5 5. cxd5 Qb6 6. Bxf6 Qxb2 7. Rc1 gxf6 8.
e3 Rg8 9. Rc2 Qb6 10. Nge2 Na6 11. Nf4 e5 12. dxe5 fxe5 13. Bb5+ Kd8 14. Ne6+
fxe6 15. dxe6+ Qd6 16. Rd2 Kc7 17. Rxd6 Bxd6 18. Nd5+ Kb8 19. e7 Nc7 20. Nxc7
Bxe7 21. Nxa8 Be6 22. Qh5 Kxa8 23. Qxe5 Rg6 24. Bd3 Bf6 25. Qxc5 Rg8 26. O-O
1-0

[Event "Monarch Assurance Isle of Man 4th"]
[Site "Port Erin IOM"]
[Date "1995.10.13"]
[Round "7"]
[White "Arakhamia Grant, Ketevan"]
[Black "Ellison, Derek George"]
[Result "1-0"]
[WhiteElo "2420"]
[BlackElo "2140"]
[PlyCount "59"]
[EventDate "1995.10.07"]
[EventType "swiss"]
[EventRounds "9"]
[EventCountry "IOM"]
[SourceTitle "BritBase"]

1. e4 c5 2. Nf3 e6 3. d4 cxd4 4. Nxd4 Nf6 5. Nc3 Nc6 6. Ndb5 d6 7. Bf4 e5 8.
Bg5 a6 9. Na3 Be6 10. Nc4 Rc8 11. Ne3 Be7 12. Be2 O-O 13. Bxf6 Bxf6 14. Bg4 Nd4
15. O-O Qd7 16. Ncd5 Bd8 17. c3 Nc6 18. Qe2 Kh8 19. Rad1 g6 20. Bf3 f5 21. Nc4
Bxd5 22. Rxd5 Bc7 23. exf5 gxf5 24. Nxe5 Nxe5 25. Qxe5+ dxe5 26. Rxd7 e4 27.
Be2 b5 28. a4 bxa4 29. Bxa6 Ra8 30. Bb7 1-0

[Event "Monarch Assurance Isle of Man 4th"]
[Site "Port Erin IOM"]
[Date "1995.10.13"]
[Round "7"]
[White "Baburin, Alexander"]
[Black "Buckley, Graeme"]
[Result "1-0"]
[WhiteElo "2495"]
[BlackElo "2355"]
[PlyCount "65"]
[EventDate "1995.10.07"]
[EventType "swiss"]
[EventRounds "9"]
[EventCountry "IOM"]
[SourceTitle "BritBase"]

1. d4 g6 2. c4 Bg7 3. Nf3 d6 4. g3 Nf6 5. Bg2 O-O 6. O-O Nbd7 7. Qc2 e5 8. Rd1
Re8 9. e4 exd4 10. Nxd4 Nc5 11. Nc3 Qe7 12. f3 c6 13. Be3 a5 14. Bf2 h5 15. h3
h4 16. g4 Nh7 17. f4 g5 18. e5 dxe5 19. fxe5 Bxe5 20. Re1 Qf8 21. Rad1 Bd7 22.
Ne4 Nxe4 23. Bxe4 Nf6 24. Bf5 Bf4 25. Bxd7 Nxd7 26. Ne6 Rxe6 27. Rxe6 Ne5 28.
Rf6 Qb4 29. Rh6 f5 30. Qxf5 Qe7 31. Re6 Qg7 32. Bc5 b6 33. Be7 1-0

[Event "Monarch Assurance Isle of Man 4th"]
[Site "Port Erin IOM"]
[Date "1995.10.13"]
[Round "7"]
[White "Bisby, Daniel L"]
[Black "Kristensen, Bjarke"]
[Result "1/2-1/2"]
[WhiteElo "2120"]
[BlackElo "2440"]
[PlyCount "73"]
[EventDate "1995.10.07"]
[EventType "swiss"]
[EventRounds "9"]
[EventCountry "IOM"]
[SourceTitle "BritBase"]

1. e4 c5 2. Nc3 Nc6 3. g3 g6 4. Bg2 Bg7 5. d3 Nf6 6. Nge2 Rb8 7. Be3 d6 8. h3
b5 9. Qd2 b4 10. Nd1 a5 11. O-O a4 12. Bh6 O-O 13. Bxg7 Kxg7 14. f4 Nd4 15. Ne3
e5 16. f5 h6 17. h4 Nxe2+ 18. Qxe2 g5 19. Rf2 Rg8 20. hxg5 hxg5 21. Raf1 Kf8
22. Bf3 Ba6 23. Rh2 Kg7 24. Qd2 Qe7 25. Nd1 Kf8 26. Ne3 Ke8 27. Kg2 Bb7 28. Qd1
Kd7 29. Rfh1 Rg7 30. Rh6 Kc7 31. c3 Bc6 32. c4 Rc8 33. Ng4 Nxg4 34. Bxg4 f6 35.
Qe2 Kb6 36. R1h2 a3 37. b3 1/2-1/2

[Event "Monarch Assurance Isle of Man 4th"]
[Site "Port Erin IOM"]
[Date "1995.10.13"]
[Round "7"]
[White "Costello, Colin"]
[Black "Bellin, Jana"]
[Result "1/2-1/2"]
[WhiteElo "2115"]
[BlackElo "2210"]
[PlyCount "30"]
[EventDate "1995.10.07"]
[EventType "swiss"]
[EventRounds "9"]
[EventCountry "IOM"]
[SourceTitle "BritBase"]

1. c4 e5 2. g3 Nc6 3. Bg2 g6 4. Nc3 Bg7 5. Nf3 d6 6. O-O f5 7. d3 h6 8. Rb1 Nf6
9. b4 a6 10. a4 O-O 11. b5 axb5 12. axb5 Ne7 13. Bb2 g5 14. Ra1 Rxa1 15. Qxa1
f4 1/2-1/2

[Event "Monarch Assurance Isle of Man 4th"]
[Site "Port Erin IOM"]
[Date "1995.10.13"]
[Round "7"]
[White "Gibeon, David"]
[Black "Martinovsky, Eugene"]
[Result "1/2-1/2"]
[WhiteElo "2075"]
[BlackElo "2305"]
[PlyCount "133"]
[EventDate "1995.10.07"]
[EventType "swiss"]
[EventRounds "9"]
[EventCountry "IOM"]
[SourceTitle "BritBase"]

1. d4 Nf6 2. Nf3 g6 3. Bg5 Bg7 4. Nbd2 d5 5. e3 O-O 6. Bd3 c5 7. c3 cxd4 8.
exd4 Qb6 9. Qc2 Qe6+ 10. Kf1 b6 11. Re1 Qd6 12. Ne5 Ba6 13. h4 Bxd3+ 14. Nxd3
Nc6 15. Bf4 Qd7 16. f3 Rac8 17. Qb1 Nh5 18. Bh2 f5 19. f4 Nf6 20. Nf3 Ne4 21.
g3 b5 22. Kg2 b4 23. Nxb4 Nxb4 24. cxb4 Qa4 25. Rc1 Qxb4 26. Rhd1 Rc4 27. Bg1
Rb8 28. b3 Rc3 29. Rd3 Rbc8 30. Rdxc3 Rxc3 31. Qb2 e6 32. Rxc3 Qxc3 33. Qxc3
Nxc3 34. a4 h6 35. Be3 Kf7 36. Ne5+ Bxe5 37. fxe5 h5 38. Kf3 a6 39. Bd2 Ne4 40.
Be1 g5 41. b4 Ke8 42. hxg5 Nxg5+ 43. Kg2 Nf7 44. Bd2 Nh8 45. Kf3 Ng6 46. Ke3
Kd7 47. b5 axb5 48. axb5 h4 49. gxh4 Nxh4 50. Kf4 Ng6+ 51. Kg5 Ne7 52. Bb4 Nc8
53. Ba5 Na7 54. b6 Nc6 55. b7 Nb8 56. Kf6 f4 57. Be1 f3 58. Bf2 Nc6 59. Kg5 Ke7
60. Kf4 Kd7 61. Kxf3 Kc7 62. Kf4 Kxb7 63. Kg5 Kc7 64. Kf6 Kd7 65. Be3 Nb4 66.
Kf7 Nd3 67. Kf6 1/2-1/2

[Event "Monarch Assurance Isle of Man 4th"]
[Site "Port Erin IOM"]
[Date "1995.10.13"]
[Round "7"]
[White "Hartman, Christer"]
[Black "Howell, James C"]
[Result "1/2-1/2"]
[WhiteElo "2345"]
[BlackElo "2525"]
[PlyCount "64"]
[EventDate "1995.10.07"]
[EventType "swiss"]
[EventRounds "9"]
[EventCountry "IOM"]
[SourceTitle "BritBase"]

1. e4 c5 2. Nf3 d6 3. d4 cxd4 4. Nxd4 Nf6 5. Nc3 e6 6. g3 a6 7. Bg2 Be7 8. O-O
Qc7 9. Re1 O-O 10. h3 Nc6 11. Nxc6 bxc6 12. Na4 Bb7 13. c4 c5 14. Nc3 Nd7 15.
Be3 Ne5 16. b3 Nc6 17. Rc1 Bf6 18. Ne2 Rfd8 19. g4 h6 20. Qd2 Qe7 21. Red1 a5
22. a3 e5 23. Nc3 Nd4 24. Rb1 Rdb8 25. b4 axb4 26. axb4 cxb4 27. Rxb4 Bc6 28.
Nb5 Nxb5 29. cxb5 Rxb5 30. Rxb5 Bxb5 31. Qd5 Qe8 32. Rb1 Bd7 1/2-1/2

[Event "Monarch Assurance Isle of Man 4th"]
[Site "Port Erin IOM"]
[Date "1995.10.13"]
[Round "7"]
[White "Khenkin, Igor"]
[Black "Lalic, Bogdan"]
[Result "1/2-1/2"]
[WhiteElo "2555"]
[BlackElo "2590"]
[PlyCount "34"]
[EventDate "1995.10.07"]
[EventType "swiss"]
[EventRounds "9"]
[EventCountry "IOM"]
[SourceTitle "BritBase"]

1. d4 Nf6 2. c4 e6 3. Nf3 b6 4. a3 Bb7 5. Nc3 d5 6. Bg5 Be7 7. Qa4+ Bc6 8. Qb3
dxc4 9. Qxc4 O-O 10. Rd1 Bb7 11. g3 Bxf3 12. exf3 Nd5 13. Bxe7 Qxe7 14. f4 Nd7
15. Bg2 c5 16. O-O Nxc3 17. Qxc3 Rac8 1/2-1/2

[Event "Monarch Assurance Isle of Man 4th"]
[Site "Port Erin IOM"]
[Date "1995.10.13"]
[Round "7"]
[White "Miles, Anthony"]
[Black "Welling, Gerard"]
[Result "1-0"]
[WhiteElo "2600"]
[BlackElo "2415"]
[PlyCount "49"]
[EventDate "1995.10.07"]
[EventType "swiss"]
[EventRounds "9"]
[EventCountry "IOM"]
[SourceTitle "BritBase"]

1. d4 g6 2. e4 Bg7 3. c4 d6 4. Nc3 Nc6 5. d5 Nd4 6. Be3 e5 7. Nge2 Nxe2 8. Bxe2
h5 9. Qd2 Bh6 10. O-O Bxe3 11. Qxe3 g5 12. c5 Bd7 13. Rac1 f6 14. c6 bxc6 15.
dxc6 Bc8 16. Nd5 Kf7 17. Bc4 Kg6 18. h4 Nh6 19. Qg3 Be6 20. f4 Bxd5 21. fxg5
fxg5 22. Bxd5 Qe7 23. Rf5 Nxf5 24. exf5+ Kh6 25. f6 1-0

[Event "Monarch Assurance Isle of Man 4th"]
[Site "Port Erin IOM"]
[Date "1995.10.13"]
[Round "7"]
[White "Nicholson, John"]
[Black "Grant, Jonathan"]
[Result "0-1"]
[WhiteElo "2065"]
[BlackElo "2275"]
[PlyCount "76"]
[EventDate "1995.10.07"]
[EventType "swiss"]
[EventRounds "9"]
[EventCountry "IOM"]
[SourceTitle "BritBase"]

1. e4 c6 2. d4 d5 3. e5 Bf5 4. Nf3 e6 5. Be2 c5 6. c3 Nc6 7. O-O cxd4 8. cxd4
Nge7 9. Nc3 Nc8 10. Be3 Be7 11. a3 Nb6 12. Nd2 O-O 13. f4 f6 14. b4 Rc8 15. g4
Nxe5 16. Rc1 Nd3 17. gxf5 Nxc1 18. Qxc1 a5 19. Qb2 axb4 20. axb4 exf5 21. Qb3
Qd6 22. Bf3 Rfd8 23. Rb1 g6 24. Kf2 Kh8 25. h4 g5 26. Nb5 Qb8 27. hxg5 fxg5 28.
fxg5 f4 29. Nf1 fxe3+ 30. Qxe3 Rc2+ 31. Kg1 Bxg5 32. Qd3 Rc6 33. Re1 Rg8 34.
Bg2 Nc4 35. Nc3 Qd8 36. Nxd5 Bh4 37. Ne7 Bxe7 38. d5 Rcg6 0-1

[Event "Monarch Assurance Isle of Man 4th"]
[Site "Port Erin IOM"]
[Date "1995.10.13"]
[Round "7"]
[White "O'Shaughnessy, Conor"]
[Black "O'Donovan, Richard"]
[Result "1/2-1/2"]
[WhiteElo "2230"]
[BlackElo "2230"]
[PlyCount "21"]
[EventDate "1995.10.07"]
[EventType "swiss"]
[EventRounds "9"]
[EventCountry "IOM"]
[SourceTitle "BritBase"]

1. e4 c5 2. Nf3 Nc6 3. Bb5 e6 4. O-O Nge7 5. c3 a6 6. Bxc6 Nxc6 7. d4 cxd4 8.
cxd4 d5 9. exd5 Qxd5 10. Nc3 Qd8 11. d5 1/2-1/2

[Event "Monarch Assurance Isle of Man 4th"]
[Site "Port Erin IOM"]
[Date "1995.10.13"]
[Round "7"]
[White "Rosten, Oliver"]
[Black "Engqvist, Thomas"]
[Result "0-1"]
[WhiteElo "2190"]
[BlackElo "2405"]
[PlyCount "130"]
[EventDate "1995.10.07"]
[EventType "swiss"]
[EventRounds "9"]
[EventCountry "IOM"]
[SourceTitle "BritBase"]

1. e4 c6 2. d4 d5 3. Nd2 dxe4 4. Nxe4 Nd7 5. Nf3 Ngf6 6. Ng3 e6 7. Bd3 c5 8.
O-O cxd4 9. Nxd4 Bc5 10. Nb3 Bb6 11. Re1 O-O 12. Qf3 Re8 13. Bg5 h6 14. Bd2 Bc7
15. Bc3 Nd5 16. Bd4 Bb6 17. Nh5 Bxd4 18. Nxd4 Nc5 19. Nf5 Nxd3 20. Qxd3 exf5
21. Rxe8+ Qxe8 22. Qxd5 Qe7 23. Nf4 Be6 24. Qe5 Re8 25. Re1 Qd8 26. h3 Bd7 27.
Qc3 Rxe1+ 28. Qxe1 Qf6 29. Nd3 Bc6 30. Qe5 Qg5 31. Nf4 h5 32. Qd6 h4 33. c3 Kh7
34. Kh2 Be4 35. Kg1 Qh6 36. Qxh6+ Kxh6 37. Ne2 g5 38. Nd4 Kg6 39. f3 Bb1 40. a3
Kf6 41. Kf2 f4 42. Nb5 a6 43. Nd6 b6 44. Ke2 Ke6 45. Ne4 f6 46. Nd2 Bc2 47. Nc4
b5 48. Na5 Kd5 49. Kd2 Bf5 50. Nb3 Bd7 51. Nd4 a5 52. Nb3 a4 53. Nd4 Kc4 54.
Ke2 Be8 55. Kd2 Bg6 56. Ke2 Bd3+ 57. Ke1 Kd5 58. Kf2 Kc4 59. Ke1 Bb1 60. Kd2
Bg6 61. Ke2 Be8 62. Kd2 Bd7 63. Ke2 b4 64. axb4 a3 65. bxa3 Kxc3 0-1

[Event "Monarch Assurance Isle of Man 4th"]
[Site "Port Erin IOM"]
[Date "1995.10.13"]
[Round "7"]
[White "Ryan, Joseph"]
[Black "Pliester, Leon"]
[Result "1-0"]
[WhiteElo "2210"]
[BlackElo "2375"]
[PlyCount "91"]
[EventDate "1995.10.07"]
[EventType "swiss"]
[EventRounds "9"]
[EventCountry "IOM"]
[SourceTitle "BritBase"]

1. d4 Nf6 2. Nf3 e6 3. e3 c5 4. Bd3 b6 5. O-O Be7 6. b3 cxd4 7. exd4 O-O 8. Bb2
Bb7 9. c4 d6 10. Nc3 Nbd7 11. d5 e5 12. b4 b5 13. Nd2 bxc4 14. Nxc4 Nb6 15. Na5
Bxd5 16. Nxd5 Nbxd5 17. Nc6 Qd7 18. b5 Bd8 19. Rc1 Nf4 20. Re1 Bb6 21. Bf5 Ne6
22. Ba3 g6 23. Bh3 Bc5 24. Bxc5 dxc5 25. Qxd7 Nxd7 26. Bxe6 fxe6 27. Nxe5 Nxe5
28. Rxe5 Rad8 29. Rexc5 Rd2 30. R5c2 Rfxf2 31. Rxd2 Rxd2 32. Rc8+ Kf7 33. Rc7+
Kf6 34. Rxa7 e5 35. a4 e4 36. Kf1 h5 37. b6 Rb2 38. a5 Ke5 39. Rc7 Rb1+ 40. Kf2
Rb2+ 41. Ke3 Rb3+ 42. Kd2 e3+ 43. Ke2 Kd4 44. Rc2 Rb5 45. Ra2 Rf5 46. Ra4+ 1-0

[Event "Monarch Assurance Isle of Man 4th"]
[Site "Port Erin IOM"]
[Date "1995.10.13"]
[Round "7"]
[White "Sadler, Matthew"]
[Black "Hodgson, Julian"]
[Result "1-0"]
[WhiteElo "2565"]
[BlackElo "2590"]
[PlyCount "84"]
[EventDate "1995.10.07"]
[EventType "swiss"]
[EventRounds "9"]
[EventCountry "IOM"]
[SourceTitle "BritBase"]

1. d4 d5 2. c4 c6 3. Nc3 Nf6 4. e3 a6 5. Qc2 Bg4 6. h3 Bh5 7. Qb3 Ra7 8. Nge2
Bxe2 9. Bxe2 e6 10. a4 Bd6 11. a5 Nbd7 12. Bd2 O-O 13. O-O Bc7 14. Rfd1 Bb8 15.
Qc2 Ra8 16. b4 Re8 17. Be1 h5 18. Rab1 Qc7 19. f4 dxc4 20. Bxc4 Nd5 21. Bf2
N7f6 22. Na4 h4 23. Rb3 g5 24. fxg5 Qh2+ 25. Kf1 Nh5 26. Qe4 Ng3+ 27. Bxg3 Qxg3
28. Bxd5 cxd5 29. Qf3 Bd6 30. Qxg3 hxg3 31. Nc5 Re7 32. e4 dxe4 33. Nxe4 Rd8
34. Nxd6 Rxd6 35. Rxg3 Rc7 36. d5 Rc4 37. Rgd3 e5 38. Rb3 Kf8 39. g3 Rd4 40.
Rxd4 exd4 41. Ke2 Rxd5 42. h4 Kg7 1-0

[Event "Monarch Assurance Isle of Man 4th"]
[Site "Port Erin IOM"]
[Date "1995.10.13"]
[Round "7"]
[White "Stohl, Igor"]
[Black "Arkell, Keith C"]
[Result "1/2-1/2"]
[WhiteElo "2525"]
[BlackElo "2505"]
[PlyCount "43"]
[EventDate "1995.10.07"]
[EventType "swiss"]
[EventRounds "9"]
[EventCountry "IOM"]
[SourceTitle "BritBase"]

1. Nf3 Nf6 2. c4 c5 3. g3 Nc6 4. Bg2 g6 5. O-O Bg7 6. d4 cxd4 7. Nxd4 Nxd4 8.
Qxd4 O-O 9. Nc3 d6 10. Qd3 Nd7 11. b3 Nc5 12. Qd2 a6 13. Bb2 Rb8 14. Rac1 b5
15. b4 Nd7 16. Nd5 Bxb2 17. Qxb2 e6 18. Ne3 bxc4 19. Rxc4 d5 20. Rc2 Qf6 21.
Qa3 Qd4 22. Rfc1 1/2-1/2

[Event "Monarch Assurance Isle of Man 4th"]
[Site "Port Erin IOM"]
[Date "1995.10.13"]
[Round "7"]
[White "Van Mil, Johannes A J"]
[Black "Lalic, Susan"]
[Result "1-0"]
[WhiteElo "2435"]
[BlackElo "2315"]
[PlyCount "82"]
[EventDate "1995.10.07"]
[EventType "swiss"]
[EventRounds "9"]
[EventCountry "IOM"]
[SourceTitle "BritBase"]

1. e4 c6 2. d4 d5 3. Nd2 dxe4 4. Nxe4 Nf6 5. Nxf6+ gxf6 6. c3 Bf5 7. Nf3 e6 8.
Nh4 Bg6 9. g3 Nd7 10. Bg2 Qc7 11. O-O Bd6 12. a4 O-O 13. a5 Rfe8 14. c4 Rad8
15. a6 b6 16. Re1 c5 17. d5 Ne5 18. Nxg6 hxg6 19. b3 exd5 20. Bxd5 Nc6 21.
Rxe8+ Rxe8 22. Bd2 Be5 23. Rb1 Nb4 24. Bxb4 cxb4 25. Qd2 Qc8 26. Rd1 Kg7 27.
Bb7 Qg4 28. Qd7 Qe2 29. Kg2 Rh8 30. Rd2 Qh5 31. h4 g5 32. Bf3 Qh7 33. Qg4 Qb1
34. Rd7 Rf8 35. Bd5 Qb2 36. hxg5 Bd4 37. gxf6+ Kxf6 38. Qh4+ Kg7 39. Qg5+ Kh8
40. Qh6+ Kg8 41. Qg6+ Kh8 1-0

[Event "Monarch Assurance Isle of Man 4th"]
[Site "Port Erin IOM"]
[Date "1995.10.13"]
[Round "7"]
[White "Wilman, Carey"]
[Black "Connolly, Suzanne"]
[Result "1-0"]
[WhiteElo "2080"]
[BlackElo "2030"]
[PlyCount "51"]
[EventDate "1995.10.07"]
[EventType "swiss"]
[EventRounds "9"]
[EventCountry "IOM"]
[SourceTitle "BritBase"]

1. d4 d5 2. c4 e6 3. Nf3 Nf6 4. Nc3 Be7 5. Qc2 c5 6. dxc5 Bxc5 7. e3 Nc6 8. a3
dxc4 9. Bxc4 O-O 10. b4 Bd6 11. Bb2 Bd7 12. Rd1 Qe7 13. Nb5 Bb8 14. O-O a6 15.
Nc3 Ne5 16. Nxe5 Bxe5 17. f4 Bc7 18. Ne4 Nxe4 19. Qxe4 Bc6 20. Qd4 e5 21. fxe5
Qg5 22. e4 Qg6 23. e6 Bxe4 24. exf7+ Kh8 25. Qf2 Qh5 26. Bxg7+ 1-0

[Event "Monarch Assurance Isle of Man 4th"]
[Site "Port Erin IOM"]
[Date "1995.10.14"]
[Round "8"]
[White "Arakhamia Grant, Ketevan"]
[Black "Baburin, Alexander"]
[Result "0-1"]
[WhiteElo "2420"]
[BlackElo "2495"]
[PlyCount "142"]
[EventDate "1995.10.07"]
[EventType "swiss"]
[EventRounds "9"]
[EventCountry "IOM"]
[SourceTitle "BritBase"]

1. e4 Nf6 2. e5 Nd5 3. d4 d6 4. Nf3 Bg4 5. Be2 e6 6. O-O a6 7. c4 Nb6 8. exd6
cxd6 9. b3 Be7 10. Nc3 d5 11. c5 Bxf3 12. Bxf3 Nc8 13. b4 Nc6 14. b5 axb5 15.
Nxb5 O-O 16. Bf4 Bf6 17. a4 N8a7 18. Be3 b6 19. Rb1 bxc5 20. dxc5 Ne5 21. Be2
Nac6 22. Nd4 Na5 23. f4 Nec4 24. Bf2 Qd7 25. Rb5 Rfc8 26. Qd3 Nc6 27. Bd1 g6
28. Bc2 Nxd4 29. Bxd4 Bxd4+ 30. Qxd4 Na3 31. Bd3 Qa7 32. Rb6 Qxa4 33. Qf6 Nc2
34. Rxe6 Qd4+ 35. Qxd4 Nxd4 36. Re7 Rxc5 37. f5 Nxf5 38. Bxf5 gxf5 39. Rxf5
Ra1+ 40. Rf1 Rxf1+ 41. Kxf1 Rc2 42. Rd7 Rd2 43. h4 Kg7 44. Rd6 h5 45. g3 f6 46.
Ke1 Rd3 47. Kf2 Kg6 48. Rd8 Kf5 49. Rh8 Kg4 50. Rg8+ Kf5 51. Rh8 Kg6 52. Rg8+
Kh7 53. Rd8 Kg7 54. Rd7+ Kg6 55. Rd8 Kf5 56. Rh8 d4 57. Rxh5+ Ke4 58. g4 Rd2+
59. Kg3 Rd3+ 60. Kf2 Rd2+ 61. Kg3 Rd3+ 62. Kg2 Rc3 63. Rh8 d3 64. Rd8 Ke3 65.
Re8+ Kf4 66. g5 fxg5 67. hxg5 d2 68. Rd8 Ke3 69. g6 Rc6 70. g7 Rg6+ 71. Kf1
Rxg7 0-1

[Event "Monarch Assurance Isle of Man 4th"]
[Site "Port Erin IOM"]
[Date "1995.10.14"]
[Round "8"]
[White "Arkell, Keith C"]
[Black "Hartman, Christer"]
[Result "1/2-1/2"]
[WhiteElo "2505"]
[BlackElo "2345"]
[PlyCount "253"]
[EventDate "1995.10.07"]
[EventType "swiss"]
[EventRounds "9"]
[EventCountry "IOM"]
[SourceTitle "BritBase"]

1. d4 d5 2. c4 dxc4 3. e4 c5 4. d5 e6 5. Nc3 exd5 6. Nxd5 Nf6 7. Bxc4 Nxd5 8.
Bxd5 Be7 9. Ne2 O-O 10. O-O Na6 11. Bf4 Nc7 12. Bc4 Be6 13. Qxd8 Bxd8 14. Rac1
Bxc4 15. Rxc4 Ne6 16. Bd6 Re8 17. Nc3 Be7 18. Bxe7 Rxe7 19. Rd1 b6 20. Nd5 Rb7
21. f4 f6 22. Rc3 Re8 23. Kf2 Nd4 24. Re1 Kf7 25. a4 Nc6 26. g4 Ne7 27. Ne3 Rd7
28. Nc4 Ng6 29. Kg3 Rd4 30. h4 Ne7 31. Kf3 Nc6 32. g5 Red8 33. Kg4 Rd3 34. gxf6
gxf6 35. Kh5 Rxc3 36. bxc3 Rd3 37. Re3 Rd1 38. Kh6 Rh1 39. Nd6+ Ke6 40. Nf5 Ne7
41. Ng7+ Kf7 42. h5 Ng6 43. e5 Nxf4 44. e6+ Ke7 45. Re4 Nxh5 46. Nxh5 f5 47.
Re2 f4 48. Kg5 f3 49. Rf2 Kxe6 50. Rxf3 Ra1 51. Nf4+ Kd6 52. Rh3 Rxa4 53. Rh6+
Kd7 54. Kf5 Ra1 55. Ke5 Rc1 56. Nd5 Re1+ 57. Kf5 b5 58. Ra6 h5 59. Nf6+ Kc7 60.
Ne4 c4 61. Rxa7+ Kb6 62. Ra8 h4 63. Rh8 Ka5 64. Ra8+ Kb6 65. Rb8+ Ka5 66. Nd6
Re3 67. Nxb5 h3 68. Nc7 Rxc3 69. Ra8+ Kb6 70. Nd5+ Kb7 71. Rh8 Rb3 72. Ke4 Kc6
73. Ne3 Rb1 74. Rxh3 Rc1 75. Kd4 c3 76. Kd3 Kc5 77. Rh5+ Kd6 78. Ra5 c2 79.
Nxc2 Rh1 80. Kc4 Rc1 81. Rd5+ Ke6 82. Rd2 Ke5 83. Re2+ Kd6 84. Kd4 Rd1+ 85. Ke4
Rh1 86. Rd2+ Kc5 87. Rd5+ Kc6 88. Nd4+ Kc7 89. Rc5+ Kd7 90. Ke5 Re1+ 91. Kd5
Rd1 92. Rc2 Rh1 93. Ke5 Re1+ 94. Ne2 Rh1 95. Rd2+ Ke7 96. Ng3 Re1+ 97. Kf5 Ra1
98. Rd5 Rg1 99. Nh5 Rh1 100. Nf4 Rf1 101. Rd2 Rf3 102. Rd1 Rf2 103. Ke5 Ra2
104. Nd5+ Kf7 105. Rf1+ Kg6 106. Nf4+ Kf7 107. Nd5+ Kg6 108. Ne7+ Kg5 109. Rg1+
Kh4 110. Nf5+ Kh3 111. Ke4 Ra4+ 112. Kf3 Ra3+ 113. Kf4 Ra4+ 114. Kg5 Ra5 115.
Rg3+ Kh2 116. Rd3 Ra4 117. Nd4 Ra8 118. Kf4 Rf8+ 119. Nf5 Kg2 120. Rd2+ Kf1
121. Ke4 Ke1 122. Ra2 Re8+ 123. Kd3 Rd8+ 124. Nd4 Kf1 125. Ra5 Kg2 126. Ke3
Re8+ 127. Kf4 1/2-1/2

[Event "Monarch Assurance Isle of Man 4th"]
[Site "Port Erin IOM"]
[Date "1995.10.14"]
[Round "8"]
[White "Bellin, Jana"]
[Black "Tolhuizen, Ludo"]
[Result "0-1"]
[WhiteElo "2210"]
[BlackElo "2255"]
[PlyCount "122"]
[EventDate "1995.10.07"]
[EventType "swiss"]
[EventRounds "9"]
[EventCountry "IOM"]
[SourceTitle "BritBase"]

1. d4 e6 2. Nf3 d5 3. c4 Nf6 4. Nc3 Be7 5. cxd5 exd5 6. Bg5 c6 7. e3 Nbd7 8.
Bd3 O-O 9. Qc2 Re8 10. O-O Nf8 11. Rab1 Ng6 12. b4 a6 13. a4 Ne4 14. Bxe7 Qxe7
15. b5 axb5 16. axb5 Bg4 17. Nd2 Nxd2 18. Qxd2 Nh4 19. e4 Bh3 20. Qf4 Bxg2 21.
Rfe1 Ra3 22. bxc6 bxc6 23. Re3 Ng6 24. Qg4 Bxe4 25. Bxe4 dxe4 26. Rxe4 Qf8 27.
Qd7 Rd8 28. Qh3 h6 29. Qd3 Qd6 30. Qc4 Qf6 31. Ne2 Rf3 32. Rf1 Kh7 33. Ng3 Rf4
34. Rxf4 Nxf4 35. Qc2+ Ng6 36. Rd1 Rxd4 37. Rxd4 Qxd4 38. Qxc6 Qd1+ 39. Nf1
Qg4+ 40. Ng3 Qd1+ 41. Nf1 Qd4 42. Ne3 Ne5 43. Qb7 Qf4 44. h3 Nf3+ 45. Kg2 Ng5
46. Qd5 g6 47. Ng4 h5 48. Ne3 Qh4 49. Qd7 Qe4+ 50. Kf1 Qh1+ 51. Ke2 Qf3+ 52.
Ke1 Nxh3 53. Nd1 Ng5 54. Qd8 Ne6 55. Qe7 Kg7 56. Ne3 Nf4 57. Qe5+ Kh7 58. Qb5
h4 59. Qc4 Kh6 60. Nc2 h3 61. Nd4 Ng2+ 0-1

[Event "Monarch Assurance Isle of Man 4th"]
[Site "Port Erin IOM"]
[Date "1995.10.14"]
[Round "8"]
[White "Buckley, Graeme"]
[Black "Anderton, David W"]
[Result "1-0"]
[WhiteElo "2355"]
[BlackElo "2215"]
[PlyCount "57"]
[EventDate "1995.10.07"]
[EventType "swiss"]
[EventRounds "9"]
[EventCountry "IOM"]
[SourceTitle "BritBase"]

1. d4 Nf6 2. c4 e6 3. Nc3 Bb4 4. e3 c5 5. Bd3 Nc6 6. Nge2 d5 7. cxd5 Nxd5 8.
O-O cxd4 9. exd4 O-O 10. Bc2 Re8 11. Qd3 g6 12. Rd1 Bf8 13. Qg3 b6 14. Bg5 Be7
15. Ne4 Bxg5 16. Nxg5 Qf6 17. Ba4 Bd7 18. Rac1 Nb8 19. Bb3 Nc6 20. Rd3 Nce7 21.
Qh4 Qg7 22. Rh3 Nf6 23. Ng3 Rec8 24. Re1 h5 25. N5e4 Nh7 26. Nd6 Nf5 27. Ngxf5
exf5 28. Nxc8 Bxc8 29. Rc3 1-0